To understand software engineering / (Record no. 95386)

MARC details
000 -LEADER
fixed length control field 00595nam a22001937a 4500
005 - DATE AND TIME OF LATEST TRANSACTION
control field 20151001123927.0
010 ## - LCCN (DPL NO)
LC control number ENG-113755
020 ## - INTERNATIONAL STANDARD BOOK NUMBER
International Standard Book Number 9789383948284
Terms of availability 350.00
035 ## - SYSTEM CONTROL NUMBER
System control number EN- 97287
037 ## - SOURCE OF ACQUISITION
Source of stock number/acquisition DBAD/PUB
082 ## - DEWEY DECIMAL CLASSIFICATION NUMBER
Classification number 005.1
245 ## - TITLE STATEMENT
Title To understand software engineering /
Statement of responsibility, etc by S.K. Sharma...[et al]
260 ## - PUBLICATION, DISTRIBUTION, ETC. (IMPRINT)
Place of publication, distribution, etc Bihar
Name of publisher, distributor, etc Shiv Books Publising
Date of publication, distribution, etc 2015
270 ## - ADDRESS
Address Road No-9, Ashok Nagar, Kankar Bagh, Patna
City Bihar
Postal code 800020
300 ## - PHYSICAL DESCRIPTION
Extent various pagings :
Dimensions 24cm(pbk)
Other physical details ill.
500 ## - GENERAL NOTE
General note Includes index
700 ## - ADDED ENTRY--PERSONAL NAME
Personal name Sharma, S.K.
942 ## - ADDED ENTRY ELEMENTS (KOHA)
Source of classification or shelving scheme Dewey Decimal Classification
Item type English Books
Call number suffix TOU
Classification part 005.1
Holdings
Withdrawn status Lost status Not for loan Collection code Home library Current library Date acquired Source of acquisition Cost, normal purchase price Full call number Barcode Copy number Cost, replacement price Koha item type
    Not For Loan Non-fiction D.B.Act.Division D.B.Act.Division 31/07/2015 DBAD/PUB 350.00 005.1 TOU EN-97287 1 350.00 English Books

© Delhi Public Library
Hit Counter
free hit counter